000 00294nam a2200121Ia 4500
008 220204s9999 xx 000 0 und d
082 _a629.119
_bPLA
100 _aPlatt, Maurice
245 0 _aAutomobile brakes and brake testing
250 _a4
260 _aLondon
_bPitman
_c1968
942 _cBK
999 _c27879
_d27879